[Event "AUTO-ADV-69"]
[Site "http://www.queenalice.com/game.php?id=24066"]
[Date "2005.8.13"]
[Round "1"]
[White "AlexBoneto"]
[Black "jaja"]
[Result "0-1"]
[WhiteElo "1540"]
[BlackElo "1723"]

1. e4 e5 2. Nf3 Nc6 3. Nc3 Nf6 4. Bc4 g6 5. Ng5 Qe7 6. Bxf7+ Kd8 7. Bb3 Ke8 8.
Bf7+ Kd8 9. Nd5 Nxd5 10. d3 Nf4 11. Qg4 d6 12. Qg3 h6 13. Nh7 Qxf7 14. Nxf8 Nd4
15. Qh4+ g5 16. Ne6+ Bxe6 17. Qg3 Nfe2 18. Qe3 Nxc2+ 19. Kxe2 Nxe3 20. Bxe3 c6
21. d4 Qf6 22. Rhd1 d5 23. exd5 Bxd5 24. dxe5 Qxe5 25. Kf1 Qe4 26. Ke2 Re8 27.
Rd3 Qg4+ 28. Kd2 Kc7 29. g3 Qb4+ 30. Kc2 Be4 31. Rd1 Red8 32. Kc1 Qc4+ 33. Rc3
Rxd1+ 34. Kxd1 Qd5+ 35. Ke2 Bf3+ 36. Ke1 Qd1# 0-1

[Event "AUTO-OPEN-152"]
[Site "http://www.queenalice.com/game.php?id=31026"]
[Date "2005.9.30"]
[Round "1"]
[White "McXas"]
[Black "jaja"]
[Result "0-1"]
[WhiteElo "1035"]
[BlackElo "1626"]

1. e4 e5 2. Qh5 d6 3. Nc3 g6 4. Qe2 Nf6 5. Qb5+ Nc6 6. Nf3 a6 7. Qb3 Bg7 8. d3
b5 9. Bg5 O-O 10. O-O-O Nb4 11. a3 Be6 12. Qxb4 c5 13. Qb3 Bxb3 14. cxb3 Qc7 15.
Nh4 Qd7 16. Be2 d5 17. exd5 Nxd5 18. Ne4 Qf5 19. f4 Qe6 20. Nxc5 Rac8 21. b4
exf4 22. Rhe1 Qe5 23. Nf3 Qxb2# 0-1

[Event "AUTO-OPEN-152"]
[Site "http://www.queenalice.com/game.php?id=31027"]
[Date "2005.9.30"]
[Round "1"]
[White "jaja"]
[Black "McXas"]
[Result "1-0"]
[WhiteElo "1641"]
[BlackElo "1002"]

1. e4 e5 2. f4 exf4 3. Nf3 d6 4. Bc4 Nf6 5. d3 Nh5 6. O-O Bg4 7. h3 Bxf3 8. Qxf3
g6 9. Bxf4 Rg8 10. Bh6 Bxh6 11. Qxf7# 1-0

[Event "AUTO-OPEN-152"]
[Site "http://www.queenalice.com/game.php?id=31052"]
[Date "2005.9.30"]
[Round "1"]
[White "jaja"]
[Black "romie"]
[Result "1-0"]
[WhiteElo "1626"]
[BlackElo "1276"]

1. e4 c5 2. d4 e6 3. Nf3 Nc6 4. c3 d5 5. e5 Be7 6. Be3 cxd4 7. cxd4 Bb4+ 8. Nbd2
Nge7 9. Qc2 Nf5 10. Bf4 Ncxd4 11. Qd3 Bd7 12. Nxd4 Rc8 13. b3 Bc3 14. Rb1 Nxd4
15. Qe3 Nf5 16. Qxa7 Rc7 17. Qb6 Qc8 18. Rc1 Bd4 19. Qxc7 Qxc7 20. Rxc7 b6 21.
Bb5 Ke7 22. Rxd7+ Ke8 23. Bg5 h6 24. Rd8# 1-0

[Event "AUTO-OPEN-152"]
[Site "http://www.queenalice.com/game.php?id=31053"]
[Date "2005.9.30"]
[Round "1"]
[White "romie"]
[Black "jaja"]
[Result "0-1"]
[WhiteElo "1271"]
[BlackElo "1628"]

1. Nf3 d5 2. d3 f5 3. g3 Nf6 4. Bg2 Nc6 5. O-O e5 6. Nc3 Be6 7. Ng5 Qd7 8. e4
fxe4 9. dxe4 Nxe4 10. Ncxe4 dxe4 11. Qh5+ g6 12. Qe2 Bf5 13. Rd1 Nd4 14. Qd2
Nf3+ 15. Nxf3 Bd6 16. Nh4 Bg4 17. Re1 O-O-O 18. Bxe4 Qe7 19. Qb4 Bxb4 20. Re3
Rd1+ 21. Kg2 Qf7 22. Rb3 Rf8 23. f3 Qc4 24. Bd3 Bc5 25. Bxc4 Rg1# 0-1

[Event "AUTO-OPEN-152"]
[Site "http://www.queenalice.com/game.php?id=31054"]
[Date "2005.9.30"]
[Round "1"]
[White "jaja"]
[Black "ENDHER"]
[Result "0-1"]
[WhiteElo "1641"]
[BlackElo "2070"]

1. e4 e5 2. Nc3 Nf6 3. Nf3 Nc6 4. Bc4 h6 5. d4 Bb4 6. O-O Bxc3 7. bxc3 O-O 8.
Re1 a6 9. Ba3 d6 10. d5 Na5 11. Bd3 Bg4 12. Bb4 c5 13. dxc6 Nxc6 14. h3 Bh5 15.
Rb1 b5 16. c4 Nd4 17. g4 a5 18. Bd2 bxc4 19. Bxc4 Bg6 20. Bd5 Nxf3+ 21. Qxf3
Nxd5 22. exd5 Bxc2 23. Rb2 Bh7 24. Be3 Rb8 25. Rxb8 Qxb8 26. Rd1 Qb2 27. Rd2 Qc3
28. Kg2 Qc4 29. Kh2 Be4 30. Qe2 Qxe2 31. Rxe2 Rb8 32. Bc1 Bxd5 33. Ba3 Rb1 34.
Rd2 Be4 35. Bxd6 Rh1+ 36. Kg3 Rg1+ 37. Kh2 Rg2+ 38. Kh1 Rxf2+ 39. Kg1 Rxd2 40.
a3 Rxd6 0-1

[Event "AUTO-OPEN-152"]
[Site "http://www.queenalice.com/game.php?id=31055"]
[Date "2005.9.30"]
[Round "1"]
[White "ENDHER"]
[Black "jaja"]
[Result "1-0"]
[WhiteElo "2094"]
[BlackElo "1641"]

1. d4 d5 2. c4 c6 3. Nc3 Nf6 4. Bg5 Qb6 5. b3 dxc4 6. Bxf6 gxf6 7. e3 Qb4 8. Ne2
cxb3 9. axb3 b5 10. g3 Be6 11. Rb1 Bd5 12. Rg1 e5 13. Bh3 Bf3 14. Kf1 Bxe2+ 15.
Nxe2 Bg7 16. Nf4 Qe7 17. Nh5 Rg8 18. Qg4 Kf8 19. Qc8+ Qe8 20. Qb7 Na6 21. Qxa6
Bh6 22. Nxf6 Qe7 23. Qxc6 Rb8 24. Nd7+ 1-0

[Event "Challenge"]
[Site "http://www.queenalice.com/game.php?id=34282"]
[Date "2005.10.21"]
[Round "-"]
[White "mrcoelho"]
[Black "jaja"]
[Result "1-0"]
[WhiteElo "1815"]
[BlackElo "1685"]

1. e4 d6 2. d4 Nf6 3. Nc3 Nxe4 4. Nxe4 d5 5. Nc3 Nc6 6. Bf4 e6 7. Nf3 Bb4 8. Bd2
O-O 9. Bd3 h6 10. O-O Qf6 11. Nb5 Qe7 12. Bf4 Bd6 13. Nxd6 cxd6 14. Re1 Qf6 15.
Bxd6 Re8 16. Bb5 Bd7 17. Bxc6 bxc6 18. Re3 Bc8 19. Ne5 Qd8 20. Bc5 Qc7 21. Rg3
f6 22. Qh5 1-0

[Event "Challenge"]
[Site "http://www.queenalice.com/game.php?id=40097"]
[Date "2005.11.27"]
[Round "-"]
[White "jaja"]
[Black "Sagat"]
[Result "0-1"]
[WhiteElo "1633"]
[BlackElo "1562"]

1. c4 e5 2. Nc3 Nf6 3. d3 h6 4. e4 d6 5. Be2 Nc6 6. Be3 a6 7. Nf3 Qd7 8. h3 Qe6
9. Qc2 b6 10. Nd5 Ra7 11. O-O-O Ne7 12. Qb3 Nexd5 13. cxd5 Qd7 14. Kb1 Qb5 15.
Qc4 Bd7 16. d4 Qxc4 17. Bxc4 Nxe4 18. dxe5 Bf5 19. Ka1 Be7 20. Rhe1 O-O 21. Re2
a5 22. Bf4 a4 23. Rd4 f6 24. e6 Ng5 25. Ne1 Rc8 26. Nd3 c5 27. Nxc5 bxc5 28.
Rdd2 Rb8 29. a3 Kh7 0-1

[Event "Challenge"]
[Site "http://www.queenalice.com/game.php?id=40098"]
[Date "2005.11.27"]
[Round "-"]
[White "Sagat"]
[Black "jaja"]
[Result "1-0"]
[WhiteElo "1542"]
[BlackElo "1653"]

1. b3 d5 2. e3 Nc6 3. Ba3 Nf6 4. Nf3 g6 5. d4 Bg7 6. h3 O-O 7. c4 Re8 8. Nc3 e5
9. dxe5 Nxe5 10. Nxe5 Rxe5 11. cxd5 Nxd5 12. Rc1 Be6 13. Nxd5 Rxd5 14. Qc2 c6
15. Bc4 Qa5+ 16. b4 Qxa3 17. Bxd5 Bxd5 18. O-O Qxb4 19. Rb1 Qe7 20. Rfe1 Qg5 21.
f3 Bxf3 22. Rxb7 Be5 23. Kf1 Qg3 24. gxf3 Qxf3+ 25. Qf2 Qxh3+ 26. Ke2 Qh2 27.
Rf1 Rb8 28. Rxb8+ 1-0

[Event "AUTO-ADV-108"]
[Site "http://www.queenalice.com/game.php?id=40330"]
[Date "2005.11.28"]
[Round "1"]
[White "jaja"]
[Black "tewald"]
[Result "0-1"]
[WhiteElo "1680"]
[BlackElo "1907"]

1. e4 e5 2. Nf3 Nc6 3. Bb5 Nf6 4. Nc3 d6 5. d4 Bd7 6. Bc4 Be7 7. Ng5 O-O 8. Qf3
Nxd4 9. Qd3 b5 10. Nxb5 Nxb5 11. Bxb5 c6 12. Bc4 h6 13. h4 Qc8 14. Nh3 Be6 15.
Bb3 Bxb3 16. axb3 Qb7 17. Ng5 hxg5 18. Ra4 gxh4 19. Rxh4 Nh7 20. Rh2 Bg5 0-1

[Event "AUTO-ADV-108"]
[Site "http://www.queenalice.com/game.php?id=40331"]
[Date "2005.11.28"]
[Round "1"]
[White "tewald"]
[Black "jaja"]
[Result "1-0"]
[WhiteElo "1914"]
[BlackElo "1673"]

1. d4 d5 2. c4 g6 3. Nc3 Nf6 4. cxd5 Nxd5 5. e4 Nxc3 6. bxc3 Bg7 7. f4 c5 8. Nf3
Nd7 9. Bd3 Qc7 10. Be3 e6 11. O-O O-O 12. Rc1 b6 13. Qd2 Bb7 14. f5 e5 15. fxg6
hxg6 16. Ng5 Nf6 17. d5 Qd6 18. c4 Rfe8 19. Rf3 Kf8 20. Rcf1 Ke7 21. Nh7 1-0

[Event "AUTO-ADV-108"]
[Site "http://www.queenalice.com/game.php?id=40334"]
[Date "2005.11.28"]
[Round "1"]
[White "jaja"]
[Black "misael"]
[Result "0-1"]
[WhiteElo "1660"]
[BlackElo "1895"]

1. e4 e5 2. Bc4 Nf6 3. Nc3 Nc6 4. d3 Na5 5. b3 Bb4 6. Bb2 Nxc4 7. bxc4 d6 8. f3
Nh5 9. Qd2 Nf4 10. Kd1 O-O 11. g3 Ne6 0-1

[Event "AUTO-ADV-108"]
[Site "http://www.queenalice.com/game.php?id=40335"]
[Date "2005.11.28"]
[Round "1"]
[White "misael"]
[Black "jaja"]
[Result "1-0"]
[WhiteElo "1888"]
[BlackElo "1667"]

1. e4 e6 2. d4 d5 3. Nc3 Nf6 4. Bg5 Be7 5. Bxf6 Bxf6 6. Nf3 O-O 7. e5 Be7 8. Bd3
c5 9. O-O Nd7 10. Bb5 Qb6 11. dxc5 Nxc5 12. Qd4 1-0

[Event "AUTO-ADV-113"]
[Site "http://www.queenalice.com/game.php?id=42984"]
[Date "2005.12.11"]
[Round "1"]
[White "jaja"]
[Black "buaco"]
[Result "1-0"]
[WhiteElo "1674"]
[BlackElo "1190"]

1. e4 c5 2. d4 cxd4 3. Nf3 d6 4. Qxd4 Nc6 5. Bb5 Bd7 6. Qc4 a6 7. Ng5 e6 8. Nxf7
Kxf7 9. Bxc6 Bxc6 10. Nc3 Nf6 11. Bg5 h6 12. Bh4 g5 13. Bg3 Bg7 14. O-O-O Rc8
15. Rxd6 Qe7 16. Qb4 Ne8 17. Nd5 exd5 18. exd5 Bxd5 19. Re1 Qc7 20. Rf6+ Nxf6
21. Bxc7 Rxc7 22. f3 Rhc8 23. c3 1-0

[Event "AUTO-ADV-113"]
[Site "http://www.queenalice.com/game.php?id=42985"]
[Date "2005.12.11"]
[Round "1"]
[White "buaco"]
[Black "jaja"]
[Result "0-1"]
[WhiteElo "1190"]
[BlackElo "1674"]

1. d4 f5 2. c4 Nf6 3. Nf3 d5 4. Nc3 e6 5. e3 Nc6 6. Bd3 Be7 7. cxd5 Nxd5 8. O-O
b6 9. Re1 Bb4 10. Bd2 Nce7 11. a3 Bd6 12. Rc1 c6 13. Nxd5 cxd5 14. Qe2 O-O 15.
Ne5 Rf6 16. f3 Qe8 17. b4 Bb7 0-1

[Event "AUTO-ADV-113"]
[Site "http://www.queenalice.com/game.php?id=42986"]
[Date "2005.12.11"]
[Round "1"]
[White "jaja"]
[Black "Sirius"]
[Result "0-1"]
[WhiteElo "1614"]
[BlackElo "1511"]

1. e4 e5 2. d4 exd4 3. Qxd4 Nc6 4. Qe3 Nb4 5. Na3 a5 6. c3 Nc6 7. Bc4 Bxa3 8.
bxa3 Ne5 9. Qd4 d6 10. Bb3 Qf6 11. Be3 Ne7 12. Qd2 a4 13. Bc2 Nc4 14. Bd4 Qg6
15. Qd3 Nxa3 16. Bd1 Qxg2 17. Qg3 Qxe4+ 18. Be2 Nc2+ 19. Kf1 Nxa1 20. Qf3 Qb1+
21. Kg2 Qg6+ 22. Kf1 c6 23. c4 Qb1+ 24. Kg2 Qxa2 25. Nh3 Bxh3+ 26. Kxh3 Nc2 27.
Bxg7 Rg8 28. Qf6 Qb3+ 29. Kg2 a3 30. Rb1 Qxb1 31. Bh5 Ng6 32. Bh6 Nf4+ 33. Kf3
Nxh5 34. Qxd6 Ne1+ 0-1

[Event "AUTO-ADV-113"]
[Site "http://www.queenalice.com/game.php?id=42987"]
[Date "2005.12.11"]
[Round "1"]
[White "Sirius"]
[Black "jaja"]
[Result "1-0"]
[WhiteElo "1531"]
[BlackElo "1594"]

1. e4 e6 2. f4 d5 3. e5 c5 4. Bb5+ Nd7 5. a4 c4 6. d4 a6 7. Bxd7+ Bxd7 8. Nc3 f6
9. exf6 Qxf6 10. Nf3 Bd6 11. O-O Ne7 12. Ng5 O-O 13. Qh5 Qf5 14. g4 Qg6 15. f5
Rxf5 16. Qxg6 Rxf1+ 17. Kxf1 Nxg6 18. Be3 Bxh2 19. Kg2 Bd6 20. Rf1 e5 21. Nxd5
Bc6 22. dxe5 Bxd5+ 23. Nf3 Bxe5 24. c3 Rf8 25. Bc5 Nh4+ 26. Kh3 Rxf3+ 27. Rxf3
Nxf3 28. b4 Kf7 29. Bd4 Nxd4 30. cxd4 Bxd4 31. a5 g5 32. Kh2 1-0